| 000 | 00968nam a22002537a 4500 | ||
|---|---|---|---|
| 003 | OSt | ||
| 005 | 20260530113918.0 | ||
| 008 | 260508b2011 mx a|||| |||| 00| 0 spa d | ||
| 040 |
_aICI _bspa _cICI |
||
| 050 |
_aNA737.C48 _bC35 2012 |
||
| 100 | 1 |
_aCalderón, Eduardo, _eautor. _934329 |
|
| 245 | 1 | 0 |
_aFray Gabriel Chávez de la Mora / _cEduardo Calderón. |
| 300 |
_a60 páginas : _bilustraciones, planos ; |
||
| 500 | _aEstudio biográfico y arquitectónico sobre la obra del arquitecto y monje benedictino Gabriel Chávez de la Mora. | ||
| 504 | _aIncluye referencias bibliográficas. | ||
| 600 | 1 | 0 |
_aChávez de la Mora, Gabriel. _934330 |
| 650 | 0 |
_aArquitectura religiosa _zMéxico. _924 |
|
| 650 | 0 |
_aArquitectura moderna _zMéxico. _934331 |
|
| 650 | 0 |
_aArquitectos mexicanos _xBiografía. _934332 |
|
| 650 | 0 |
_aArquitectura monástica. _934333 |
|
| 650 | 0 |
_aDiseño litúrgico. _934334 |
|
| 650 | 0 |
_aArquitectura _ySiglo XX _zMéxico. _9627 |
|
| 942 |
_2lcc _cBK _n1 |
||
| 999 |
_c12354 _d12354 |
||